ASOIAF- All Known Tyrells - Statistics

General Stats
  • This quiz has been taken 418 times
  • The average score is 25 of 49
Answer Stats
Lived Name Nicknames (If Applicable) % Correct
282AC-present Loras Tyrell The Knight Of Flowers
99%
256AC-present Mace Tyrell The Fat Flower
99%
283AC-present Margaery Tyrell The Little Rose
98%
270AC-present Willas Tyrell n/a
87%
277AC-present Garlan Tyrell The Gallant
86%
Leo Tyrell Longthorn
72%
Leo Tyrell (son of Gareth)
72%
Leo Tyrell (son of Moryn) The Lazy
72%
Leo Tyrell (son of Victor)
72%
Garth Tyrell The Gross
70%
Moryn Tyrell n/a
64%
Victor Tyrell
63%
Gareth Tyrell
62%
Luthor Tyrell n/a
59%
unknown-unknown(pre-300AC) Luthor Tyrell (son of Moryn)
59%
Luthor Tyrell (son of Theodore) n/a
59%
Alla Tyrell
58%
Megga Tyrell
58%
286AC-present Elinor Tyrell
57%
Horas Redwyne Horror
55%
Mina Tyrell
54%
Theodore Tyrell n/a
51%
unknown (pre-5AC)-unknown (post-5AC) Theo Tyrell
51%
unknown (post-256AC)-present Janna Tyrell
50%
Desmera Redwyne n/a
47%
Robert Tyrell
47%
unknown-unknown Alester Tyrell n/a
45%
291AC-present Alyssane Bulwer
44%
Garse Flowers
40%
Hobbas Redwyne Slobber
40%
Leona Tyrell
39%
unknown-160AC Lyonel Tyrell
39%
Lyonel Tyrell (son of Leo)
39%
Rickard Tyrell
38%
Lorent Tyrell (son of Leo)
37%
Lorent Tyrell (son of Robert)
37%
Lucas Tyrell
35%
Victaria Tyrell n/a
35%
Olene Tyrell
34%
unknown-present Gormon Tyrell Maester
30%
unknown (pre-101AC)-unknown (post-101AC) Matthos Tyrell
28%
Garrett Flowers
26%
Normund Tyrell Maester
26%
unknown-5AC Harlen Tyrell
24%
Olymer Tyrell
24%
unknown-282AC Quentin Tyrell
24%
Medwick Tyrell Maester
23%
Osmund Tyrell
22%
Raymund Tyrell
22%
No matching quizzes found
Score Distribution
Percent of People with Each Score
Percentile by Number Answered
Your Score History
You have not taken this quiz